Manual de derecho chileno de protección al consumidor

Сохранить в:
Библиографические подробности
Главный автор: Fernández Fredes, Francisco (autor)
Формат:
Язык:испанский
Опубликовано: Santiago LexisNexis 2003
Редактирование:1a. ed
Предметы:
Метки: Добавить метку
Нет меток, Требуется 1-ая метка записи!

MARC

LEADER 00000nam a2200000 a 4500
001 UCK2349
003 CL-VaPUC
008 050106e20030300CL |||||||||||||||||spa|d
020 |a 9562384063 
082 0 4 |a 343.83071  |b FER  |2 21 
100 |a Fernández Fredes, Francisco  |e autor  |9 490190 
245 1 0 |a Manual de derecho chileno de protección al consumidor 
250 |a 1a. ed 
300 |a 145 p 
942 |c BK 
945 |d 20050106 00:00:00  |a vberengu 
260 |a Santiago  |b LexisNexis  |c 2003 
500 |a http://www.lexisnexis.cl 
650 0 |a Consumidores  |9 315658 
650 0 |a Protección al consumidor  |9 255293 
650 0 |a Derechos del consumidor  |9 367388 
650 7 |a LEGISLACION CHILENA  |2 CL-VaPUC  |9 404063 
583 |a last modification  |c 20160909 12:48:37  |k Rodrigo Vera 
999 |c 311907  |d 311905 
952 |0 0  |1 0  |4 0  |6 343_830710000000000_FER_2003  |7 0  |8 A  |9 381632  |a BIBDER  |b BIBDER  |d 2019-11-21  |i 409137K  |o 343.83071 FER 2003  |p 409137K  |r 2023-01-25  |w 2019-11-21  |y BK  |k DER 
952 |0 0  |1 0  |4 0  |6 343_830710000000000_FER_2003  |7 0  |8 A  |9 381634  |a BIBDER  |b BIBDER  |d 2019-11-21  |i 4473094  |o 343.83071 FER 2003  |p 4473094  |r 2023-01-25  |w 2019-11-21  |y BK  |k DER 
952 |0 0  |1 0  |4 0  |6 343_830710000000000_FER_2003  |7 0  |8 A  |9 381635  |a BIBDER  |b BIBDER  |d 2019-11-21  |i 4473108  |o 343.83071 FER 2003  |p 4473108  |r 2023-01-25  |w 2019-11-21  |y BK  |k DER